| 000 | 00488nam a2200157 a 4500 | ||
|---|---|---|---|
| 001 | 000035795 | ||
| 005 | 20200930074622.0 | ||
| 008 | 111114s1960 ve 000 0 spa d | ||
| 040 |
_aDO-SdBNP _bspa _cBNPHU |
||
| 245 | 0 | 4 |
_aLas mujeres observadas / _cVirginia Woolf...[et.al]. |
| 260 |
_aCaracas : _bTiempo Nuevo, _c1960. |
||
| 300 |
_a183 p. ; _c19 cm. |
||
| 500 | _aIncluye referencias bibliográficas y notas al pie de las páginas | ||
| 700 | 1 |
_aWoolf, Virginia _961744 |
|
| 049 | _aBNPD | ||
| 999 |
_c35286 _d35286 |
||